000 nam a22 7a 4500
999 _c126929
_d126929
008 170906b xxu||||| |||| 00| 0 eng d
050 _aBV4461.V258
100 _aVanier, Jean
_935681
245 _aSigns of the times
_bSeven paths of hope for a troubled world
_c/ Jean Vanier
260 _aLondon
_bDarton, Longman and Todd Ltd.
_c2013
300 _a151p. ;
_c20cm.
650 _aChurch work with the handicapped
_935678
650 _aL'Arche
_935679
700 _aShearer, Ann
_etr.
_935682
942 _2lcc
_cMONOGRAPH